Regional and Local Self-Governance: How Decentralization Developed in the Czech Republic
Decentralizácia pre samosprávu verzus hierarchická dekoncentrácia štátnej moci. Význam decentralizácie a dekoncentrácie. Miestna samospráva v českých krajoch a jej zmeny v čase. Samostatné práva obcí a regiónov. Obce ako základné jednotky samosprávy, obnovené v roku 1990. Územné usporiadanie krajiny...
Salvato in:
| Autore principale: | |
|---|---|
| Natura: | Capitolo di libro |
| Lingua: | inglese |
| Soggetti: | |
| Tags: |
Nessun Tag, puoi essere il primo ad aggiungerne!!
|
MARC
| LEADER | 00000naa a2200000 4500 | ||
|---|---|---|---|
| 001 | 0257180 | ||
| 005 | 20190725124155.2 | ||
| 041 | 0 | |a eng | |
| 044 | |a PL | ||
| 245 | 1 | 0 | |a Regional and Local Self-Governance: How Decentralization Developed in the Czech Republic |c Kryštof Kruliš |
| 520 | |a Decentralizácia pre samosprávu verzus hierarchická dekoncentrácia štátnej moci. Význam decentralizácie a dekoncentrácie. Miestna samospráva v českých krajoch a jej zmeny v čase. Samostatné práva obcí a regiónov. Obce ako základné jednotky samosprávy, obnovené v roku 1990. Územné usporiadanie krajiny na regióny. Nevýhody nového územného rozdelenia. Volebná účasť v regionálnych voľbách. Rôzne zdroje príjmov samospráv. | ||
| 610 | 2 | 0 | |a decentralizácia |
| 610 | 2 | 0 | |a dekoncentrácia |
| 610 | 2 | 0 | |a Česko |
| 610 | 2 | 0 | |a samospráva miestna |
| 610 | 2 | 0 | |a samospráva regionálna |
| 610 | 2 | 0 | |a moc štátna |
| 610 | 2 | 0 | |a financovanie |
| 610 | 2 | 0 | |a vývoj politický |
| 610 | 2 | 0 | |a voľby |
| 610 | 2 | 0 | |a regióny |
| 100 | 1 | |a Kruliš, Kryštof | |